| 000 | 00938nam a22002417a 4500 | ||
|---|---|---|---|
| 005 | 20180705152330.0 | ||
| 010 | _a1718EN-30 ENG-118276 B-687517-523 | ||
| 020 |
_a9780198076667 _c1495.00 |
||
| 035 | _aEN-101808 | ||
| 035 | _aB-687517-523 | ||
| 037 |
_bUppal _adpl |
||
| 037 | _bDBAD/PUB | ||
| 082 | _a954.084092 | ||
| 245 |
_aDadabhai Naoroji : _cedited by S. R. Mehrotra [and] Dinyar Patel _bselected private papers / |
||
| 260 |
_aNew Delhi _bOxford University Press _c2017 |
||
| 270 |
_aYMCA Library Building,1 Jai Singh Road _b New Delhi _e110001 |
||
| 300 |
_axlix,604p. _c23cm.(Hb) |
||
| 500 | _aIncludes index | ||
| 700 | _a Mehrotra, S. R. | ||
| 700 | _aPatel, Dinyar | ||
| 942 |
_2ddc _cEN _h954.084092 _mDAD |
||
| 999 |
_c140174 _d140174 |
||